Thumb love / (Record no. 114898)
[ view plain ]
| 000 -LEADER | |
|---|---|
| fixed length control field | 00553nam a2200181 a 4500 |
| 005 - DATE AND TIME OF LATEST TRANSACTION | |
| control field | 20140414132115.0 |
| 008 - FIXED-LENGTH DATA ELEMENTS--GENERAL INFORMATION | |
| fixed length control field | 111011s19uu xx 00 eng d |
| 020 ## - INTERNATIONAL STANDARD BOOK NUMBER | |
| International Standard Book Number | 9780375844812 |
| 050 ## - LIBRARY OF CONGRESS CALL NUMBER | |
| Classification number | TR |
| Item number | T42 2010 |
| 100 ## - MAIN ENTRY--PERSONAL NAME | |
| Personal name | Primavera, Elise |
| 245 ## - TITLE STATEMENT | |
| Title | Thumb love / |
| Statement of responsibility, etc | Elise Primavera. |
| 250 ## - EDITION STATEMENT | |
| Edition statement | 1st ed. |
| 260 ## - PUBLICATION, DISTRIBUTION, ETC. (IMPRINT) | |
| Place of publication, distribution, etc | New York : |
| Name of publisher, distributor, etc | Robin Corey Books, |
| Date of publication, distribution, etc | 2010. |
| 520 ## - SUMMARY, ETC. | |
| Summary, etc | Unable to kick her thumb-sucking habit, Lulu develops a twelve-step program to help. |
| 650 ## - SUBJECT ADDED ENTRY--TOPICAL TERM | |
| Topical term or geographic name as entry element | Thumb sucking |
| General subdivision | Fiction. |
| 650 ## - SUBJECT ADDED ENTRY--TOPICAL TERM | |
| Topical term or geographic name as entry element | Humorous stories. |
| Withdrawn status | Lost status | Damaged status | Use restrictions | Home library | Current library | Shelving location | Date acquired | Source of acquisition | Cost, normal purchase price | Total Checkouts | Full call number | Barcode | Date last seen | Price effective from | Koha item type |
|---|---|---|---|---|---|---|---|---|---|---|---|---|---|---|---|
| Munich Library | Munich Library | Teachers Reference Section | 10/11/2011 | 749.00 | TR T42 2010 | M6834 | 04/14/2014 | 04/14/2014 | Books |